Central America and the Caribbean:crisis, people and NGO''S

Sábháilte in:
Sonraí bibleagrafaíochta
Údar corparáideach: Permanent Workshop for Concentration and Regional Alternatives
Rannpháirtithe: Regional Committee of Emergency and Solidartiy (CRES)
Formáid: Imeacht comhdhála
Teanga:Spanish
Foilsithe / Cruthaithe: México :
Clibeanna: Cuir clib leis
Níl clibeanna ann, Bí ar an gcéad duine le clib a chur leis an taifead seo!

MARC

LEADER 00000 a2200000 04500
001 40299
003
008 991231s[198 mx spa d
040
020 |a [sin ISBN]  
090 |a 0001 C397c  
111 |a Permanent Workshop for Concentration and Regional Alternatives  
130 |a VI   |d June 1983   |c Belgrade   |a NCTAD United Nations Conference of Trade and Development  
245 |a Central America and the Caribbean:crisis, people and NGO''S  
260 |a México :  
300 |a 104 páginas  
700 |a Regional Committee of Emergency and Solidartiy (CRES)  
999 |c 10601  |d 10601